Sociedad y escritura en la Edad Moderna: la cultura como apropiación
Gardado en:
| Autor Principal: | |
|---|---|
| Formato: | Libro |
| Idioma: | Lingua castelá |
| Publicado: |
Ciudad de México
Instituto Mora
1995
|
| Edición: | 1a. ed |
| Series: | Colección Itinerarios
|
| Subjects: | |
| Tags: |
Engadir etiqueta
Sen Etiquetas, Sexa o primeiro en etiquetar este rexistro!
|
MARC
| LEADER | 00000cam a2200000 a 4500 | ||
|---|---|---|---|
| 001 | UCD4337 | ||
| 003 | CL-VaPUC | ||
| 008 | 160708e19950000mx |||||||||||||||||spa|d | ||
| 020 | |a 968691434X | ||
| 082 | 0 | 4 | |a 410 |b CHA |2 21 |
| 100 | 0 | |a Chartier, Roger |e author |9 588017 | |
| 245 | 1 | 0 | |a Sociedad y escritura en la Edad Moderna: la cultura como apropiación |
| 250 | |a 1a. ed | ||
| 300 | |a 266 p | ||
| 942 | |c BK | ||
| 945 | |d 20160708 23:22:00 |a dcastane | ||
| 260 | |a Ciudad de México |b Instituto Mora |c 1995 | ||
| 650 | 0 | |a Escritura |9 264941 | |
| 650 | 7 | |a ENSAYOS LITERARIOS |2 CL-VaPUC |9 346201 | |
| 583 | |a last modification |c 20160708 23:22:00 |k Rodrigo Vera | ||
| 490 | 0 | |a Colección Itinerarios | |
| 999 | |c 365259 |d 365257 | ||
| 952 | |0 0 |1 0 |3 erb |4 0 |6 410_000000000000000_CHA_1995 |7 0 |8 A |9 479050 |a FDOHBE |b FDOHBE |e Huesbe Llanos, Marco Antonio, 1934- |i 5306663 |l 4 |m 1 |o 410 CHA 1995 |p 5306663 |r 2024-01-30 |s 2020-11-10 |w 2019-11-24 |y BK |z Catalogado en:20160708 |k HBE | ||